State Capitals Containing the Letter H - Statistics

General Stats
  • This quiz has been taken 131 times
    128 since last reset
  • The average score is 11 of 12
Answer Stats
Answer % Correct
Harrisburg
100%
Helena
100%
Hartford
98%
Honolulu
98%
Nashville
98%
Phoenix
98%
Tallahassee
98%
Raleigh
95%
Richmond
90%
Cheyenne
88%
Oklahoma City
88%
Charleston
86%
No matching quizzes found
Score Distribution
Percent of People with Each Score
Percentile by Number Answered
Your Score History
You have not taken this quiz since the last reset